5 plus grandes Villes d'Essonne A-Z - Statistiques

Statistiques générales
  • Ce quiz a été pris 122 fois
  • Le résultat moyen est 26 sur 80
Statistiques - réponses
Intercommunalité Population Villes % Correct
E Grand Paris Sud Seine Essonne Sénart 66 851 Evry-Courcouronnes
86%
E Etampois Sud-Essonne 25 629 Etampes
74%
C Grand Paris Sud Seine Essonne Sénart 51 234 Corbeil-Essonnes
73%
M Paris-Saclay 50 644 Massy
70%
Y Val d'Yerres Val de Seine 29 318 Yerres
69%
A Coeur d'Essonne Agglomération 11 355 Arpajon
67%
J Métropole du Grand Paris 17 454 Juvisy-sur-Orge
64%
G Grand Paris Sud Seine Essonne Sénart 28 201 Grigny
62%
P Paris-Saclay 35 236 Palaiseau
62%
B Coeur d'Essonne Agglomération 27 412 Brétigny-sur-Orge
61%
D Le Dourdannais Hurepoix 10 452 Dourdan
61%
S Métropole du Grand Paris 36 577 Savigny-sur-Orge
61%
A Métropole du Grand Paris 35 670 Athis-Mons
60%
B Val d'Yerres Val de Seine 25 330 Brunoy
56%
S Coeur d'Essonne Agglomération 35 830 Sainte-Geneviève-des-Bois
55%
E Val d'Yerres Val de Seine 12 266 Epinay-sous-Sénart
54%
E Paris-Saclay 11 184 Epinay-sur-Orge
54%
M Val d'Yerres Val de Seine 23 760 Montgeron
54%
O Paris-Saclay 15 503 Orsay
54%
V Métropole du Grand Paris 30 865 Viry-Châtillon
54%
D Val d'Yerres Val de Seine 28 602 Draveil
51%
Q Val d'Yerres Val de Seine 9 426 Quincy-sous-Sénart
50%
W Paris-Saclay 7 133 Wissous
50%
G Paris-Saclay 21 007 Gif-sur-Yvette
49%
R Grand Paris Sud Seine Essonne Sénart 29 745 Ris-Orangis
49%
S Coeur d'Essonne Agglomération 20 110 Saint-Michel-sur-Orge
48%
V Val d'Yerres Val de Seine 31 394 Vigneux-sur-Seine
48%
L Paris-Saclay 21 269 Longjumeau
46%
F Coeur d'Essonne Agglomération 13 641 Fleury-Mérogis
45%
I Paris-Saclay 9 917 Igny
43%
B Grand Paris Sud Seine Essonne Sénart 10 046 Bondoufle
42%
C Paris-Saclay 19 822 Chilly-Mazarin
39%
L Paris-Saclay 25 024 Les Ulis
39%
B Paris-Saclay 8 408 Bures-sur-Yvette
38%
M Métropole du Grand Paris 13 424 Morangis
38%
M Coeur d'Essonne Agglomération 20 124 Morsang-sur-Orge
38%
M Val d'Essonne 15 292 Mennecy
36%
A Etampois Sud-Essonne 4 353 Angerville
35%
C Val d'Yerres Val de Seine 9 369 Crosne
35%
E Entre Juine et Renarde 6 729 Etréchy
33%
V Paris-Saclay 10 466 Villebon-sur-Yvette
33%
P Métropole du Grand Paris 7 814 Paray-Vieille-Poste
31%
L Grand Paris Sud Seine Essonne Sénart 7 333 Lisses
29%
V Paris-Saclay 14 888 Verrières-le-Buisson
29%
V Coeur d'Essonne Agglomération 7 058 Villemoisson-sur-Orge
29%
L Paris-Saclay 6 842 Linas
27%
J Pays de Limours 635 Janvry
26%
T Grand Paris Sud Seine Essonne Sénart 4 294 Tigery
26%
I Val d'Essonne 6 522 Itteville
24%
B Coeur d'Essonne Agglomération 8 566 Breuillet
20%
N Paris-Saclay 4 511 Nozay
20%
A Pays de Limours 1 723 Angervilliers
18%
S Coeur d'Essonne Agglomération 10 983 Saint-Germain-lès-Arpajon
15%
S Grand Paris Sud Seine Essonne Sénart 11 220 Saint-Pierre-du-Perray
15%
F Pays de Limours 2 232 Fontenay-lès-Briis
14%
F Val d'Essonne 1 591 Fontenay-le-Vicomte
14%
L Paris-Saclay 8 010 La Ville-du-Bois
14%
G Pays de Limours 1 502 Gometz-la-Ville
13%
O Coeur d'Essonne Agglomération 4 759 Ollainville
12%
G Paris-Saclay 2 664 Gometz-le-Châtel
11%
J Entre Juine et Renarde 1 970 Janville-sur-Juine
11%
O Val d'Essonne 2 158 Ormoy
11%
O Etampois Sud-Essonne 911 Ormoy-la-Rivière
11%
T Entre Juine et Renarde 274 Torfou
11%
F Pays de Limours 3 923 Forges-les-Bains
10%
P Etampois Sud-Essonne 337 Plessis-Saint-Benoît
8%
A Entre Juine et Renarde 1 273 Auvers-Saint-Georges
6%
C Val d'Essonne 3 337 Cerny
6%
D Val d'Essonne 1 495 D'Huison Longueville
6%
F Etampois Sud-Essonne 182 Fontaine-la-Rivière
6%
N Val d'Essonne 503 Nainville-les-Roches
6%
D Deux Vallées 822 Dannemois
5%
P Etampois Sud-Essonne 2 106 Pussay
5%
R Le Dourdannais Hurepoix 1 340 Roinville
5%
C Val d'Essonne 2 867 Champcueil
4%
O Deux Vallées 1 044 Oncy-sur-Ecole
4%
R Le Dourdannais Hurepoix 393 Richarville
4%
G Val d'Essonne 903 Guigneville-sur-Essonne
2%
R Etampois Sud-Essonne 107 Roinvilliers
2%
P Deux Vallées 289 Prunay-sur-Essonne
1%
Aucun quiz correspondant
Distribution des résultats
% des personnes avec chaque résultat
Percentile par nombre de réponses
Votre historique - résultats
Vous n’avez pas pris ce quiz